Las 44 palabras mas cortas en la RAE (Diccionario español) - Estadísticas

Estadísticas generales
  • Esta prueba ha sido intentada 39 veces
  • La puntuación promedio es 38 de 46
Estadísticas de respuestas
Respuesta % Correcto
A (Preposición)
100%
D (Numeración romana)
100%
E (Substitución a la conjunción y)
100%
I (Numeración romana)
100%
L (Numeración romana)
100%
N (Signo matemático)
100%
O (Conjunción)
100%
P (Abreviatura)
100%
S (Abreviatura)
100%
Y (Signo matemático y geométrico/Conjunción)
100%
C (Numeración romana)
97%
M (Numeración romana)
97%
U (Substitución a la conjunción o)
97%
V (Numeración romana)
97%
X (Numeración romana/Substitución/Signo matemático y geométrico)
95%
El
92%
K (Abreviatura de Kilobyte)
92%
La
92%
89%
Si
89%
Mi
86%
No
86%
De
84%
Tu
84%
Al
81%
81%
Te
81%
As
70%
Do
70%
Fa
70%
Ya
70%
Yo
70%
Ah
68%
Ar
68%
Ka
68%
Ni
68%
Be
65%
Ce
65%
Cu
65%
Re
65%
Fe
62%
Ge
62%
Pe
62%
Ye
62%
Ay
57%
Oh
49%
No se encontraron pruebas coincidentes
Distribución de puntuación
Porcentaje de gente con cada puntuación
Porcentaje por número respondido
Historial de tus puntuaciones
No has intentado esta prueba.